हमारे प्रेरणा स्रोत/ (Record no. 202315)

MARC details
000 -LEADER
fixed length control field 00892nam a22002057a 4500
005 - DATE AND TIME OF LATEST TRANSACTION
control field 20240422120333.0
010 ## - LCCN (DPL NO)
LC control number HIN-127413
020 ## - INTERNATIONAL STANDARD BOOK NUMBER
Terms of availability 400.00
International Standard Book Number 9788189214111
035 ## - SYSTEM CONTROL NUMBER
System control number HN-99759
037 ## - SOURCE OF ACQUISITION
Source of stock number/acquisition DBAD
082 ## - DEWEY DECIMAL CLASSIFICATION NUMBER
Classification number 920
100 ## - MAIN ENTRY--PERSONAL NAME
Personal name भोला, रचना
245 ## - TITLE STATEMENT
Title हमारे प्रेरणा स्रोत/
Statement of responsibility, etc रचना भोला
260 ## - PUBLICATION, DISTRIBUTION, ETC. (IMPRINT)
Place of publication, distribution, etc दिल्ली
Name of publisher, distributor, etc पीयूष पब्लिशर्सएंड डिस्ट्रीब्यूटरस
Date of publication, distribution, etc 2017
270 ## - ADDRESS
Address डब्लू ए-173 दुकाननंबर-1 हनुमान मंदिर मार्ग शकूरपुर
City न्यू दिल्ली
Postal code 110092
300 ## - PHYSICAL DESCRIPTION
Extent 128पृ.
Dimensions 22 सेमी.(साजिल्द)
650 ## - SUBJECT ADDED ENTRY--TOPICAL TERM
Topical term or geographic name as entry element हिन्दी
700 ## - ADDED ENTRY--PERSONAL NAME
9 (RLIN) 64809
942 ## - ADDED ENTRY ELEMENTS (KOHA)
Source of classification or shelving scheme Dewey Decimal Classification
Item type Hindi Books
Classification part 920
Call number suffix भोलार
Holdings
Withdrawn status Lost status Not for loan Collection code Home library Current library Date acquired Source of acquisition Cost, normal purchase price Full call number Barcode Cost, replacement price Koha item type
      Non-fiction Ashok Vihar Ashok Vihar 22/04/2024 DBAD 400.00 920 भोलार HN-99759 400.00 Hindi Books

© Delhi Public Library
Hit Counter
free hit counter